[Event "ISR-ch"]
[Site "Ramat Gan"]
[Date "1992.??.??"]
[Round "5"]
[White "Porper, Edward"]
[Black "Slutzkin, Uri"]
[Result "1/2-1/2"]
[WhiteElo "2395"]
[BlackElo "2305"]
[PlyCount "93"]
[EventDate "1992.??.??"]
[EventType "swiss"]
[EventRounds "11"]
[EventCountry "ISR"]
[SourceTitle "TD"]
[Source "ChessBase"]
[SourceDate "1994.03.01"]
[SourceVersion "1"]
[SourceVersionDate "1994.03.01"]
[SourceQuality "1"]

1. d4 d5 2. c4 e6 3. Nc3 Be7 4. cxd5 exd5 5. Bf4 Nf6 6. e3 0-0 7. Bd3 c5 8. Nge2 cxd4 9. Nxd4 Nc6 10. 0-0 Nxd4 11. exd4 Bg4 12. Qb3 Qd7 13. Rfe1 Bd8 14. Bb5 Qf5 15. Bd6 Bb6 16. Qa4 Rfc8 17. h3 Bh5 18. Re3 Qg5 19. Be5 Bg6 20. Rf1 Be4 21. Rg3 Qf5 22. Re1 Bc7 23. Bxc7 Rxc7 24. Bf1 h6 25. Rge3 Bc2 26. Qb5 Rd8 27. R1e2 a6 28. Qa5 Rcd7 29. b3 Qg6 30. Na4 Nh5 31. Qb6 Nf4 32. Rd2 Bf5 33. Qxg6 Bxg6 34. Nc5 Rc7 35. g3 Nh5 36. Rde2 Nf6 37. Re7 Rdc8 38. Nxb7 Rxe7 39. Rxe7 Rc1 40. Nc5 Ne4 41. Re8+ Kh7 42. Nd7 h5 43. Nf8+ Kh6 44. Nxg6 Kxg6 45. Kg2 Rc2 46. Kg1 Rc1 47. Kg2 1/2-1/2

[Event "ISR-ch"]
[Site "Ramat Gan"]
[Date "1992.??.??"]
[Round "10"]
[White "Slutzkin, Uri"]
[Black "Mikhalevski, Victor"]
[Result "0-1"]
[WhiteElo "2305"]
[BlackElo "2320"]
[PlyCount "64"]
[EventDate "1992.??.??"]
[EventType "swiss"]
[EventRounds "11"]
[EventCountry "ISR"]
[SourceTitle "TD"]
[Source "ChessBase"]
[SourceDate "1994.03.01"]
[SourceVersion "1"]
[SourceVersionDate "1994.03.01"]
[SourceQuality "1"]

1. g3 d5 2. Bg2 c6 3. f4 h5 4. Nf3 Nh6 5. d3 Qb6 6. e4 dxe4 7. dxe4 h4 8. Nxh4 Ng4 9. Qe2 g5 10. fxg5 Bg7 11. c3 Be5 12. Nf3 Rxh2 13. Bf4 Rxh1+ 14. Bxh1 Be6 15. Nxe5 Nxe5 16. Bxe5 Qg1+ 17. Kd2 Qxh1 18. Qe1 Qh5 19. Bf4 Na6 20. Kc2 0-0-0 21. Nd2 Nc5 22. Qe3 b6 23. Rf1 Bxa2 24. b4 Nd3 25. Ra1 e5 26. Rxa2 exf4 27. gxf4 Qh1 28. Nc4 Rd7 29. f5 Qf1 30. Nb2 Nxb2 31. Kxb2 Qd1 32. Qc1 Rd2+ 0-1

[Event "ISR-ch"]
[Site "Ramat Gan"]
[Date "1992.??.??"]
[Round "11"]
[White "Vydeslaver, Alik"]
[Black "Slutzkin, Uri"]
[Result "1-0"]
[WhiteElo "2305"]
[BlackElo "2305"]
[PlyCount "129"]
[EventDate "1992.??.??"]
[EventType "swiss"]
[EventRounds "11"]
[EventCountry "ISR"]
[SourceTitle "TD"]
[Source "ChessBase"]
[SourceDate "1994.03.01"]
[SourceVersion "1"]
[SourceVersionDate "1994.03.01"]
[SourceQuality "1"]

1. e4 e5 2. Nf3 Nc6 3. d4 exd4 4. Nxd4 Bc5 5. Be3 Qf6 6. c3 Nge7 7. Bc4 Ne5 8. Bb3 Qa6 9. Qe2 Qxe2+ 10. Kxe2 b6 11. Nb5 Ba6 12. c4 Bxb5 13. cxb5 f5 14. f4 Bxe3 15. Kxe3 Ng4+ 16. Kf3 Nf6 17. e5 Ne4 18. Rd1 0-0-0 19. Nc3 Nc5 20. Bc4 h6 21. Rd2 g5 22. g3 g4+ 23. Ke3 h5 24. b4 Ne6 25. Rad1 Rh6 26. h4 gxh3 27. Rh1 Rg8 28. Rxh3 h4 29. Bxe6 dxe6 30. gxh4 Rg1 31. h5 Rc1 32. Kd3 Rh8 33. h6 Ng6 34. Rf2 Rh7 35. Kd2 Rg1 36. Ne2 Rg4 37. Ke3 Nh4 38. Rfh2 Rxh6 39. Kf2 Rh8 40. Rg3 Rxg3 41. Kxg3 Ng6 42. Rxh8+ Nxh8 43. Nd4 Kd7 44. Nc6 Ng6 45. Nxa7 Ne7 46. a3 Nd5 47. Nc6 Nc3 48. Nd4 Ke7 49. Kf2 Kd7 50. Kg3 Ke7 51. Kh4 Kf7 52. Kh5 Nd5 53. Ne2 Ke7 54. Kg6 Kd8 55. a4 Nxb4 56. Nd4 Kd7 57. Kf7 Nd5 58. Nxe6 c5 59. bxc6+ Kxc6 60. Kg6 Nc3 61. Nd4+ Kd5 62. e6 Ne4 63. e7 Nd6 64. Nxf5 Ne8 65. Ng7 1-0

[Event "Lyon op"]
[Site "Lyon"]
[Date "1990.??.??"]
[Round "?"]
[White "Slutzkin, Uri"]
[Black "Anic, Darko"]
[Result "0-1"]
[WhiteElo "2260"]
[BlackElo "2405"]
[PlyCount "106"]
[EventDate "1990.12.??"]
[EventType "swiss"]
[EventRounds "11"]
[EventCountry "FRA"]
[SourceTitle "EXT 1997"]
[Source "ChessBase"]
[SourceDate "1996.11.15"]
[SourceVersion "1"]
[SourceVersionDate "1996.11.15"]
[SourceQuality "1"]

1. c4 Nf6 2. Nc3 d5 3. cxd5 Nxd5 4. g3 g6 5. Bg2 Nb6 6. d3 Bg7 7. Be3 N8d7 8. Qd2 h6 9. Nf3 Nf6 10. Bf4 Nbd5 11. Be5 0-0 12. 0-0 a5 13. b3 c6 14. Qb2 Nb6 15. Ne4 Ne8 16. Bxg7 Nxg7 17. Rac1 a4 18. b4 a3 19. Qd2 Kh7 20. Nc5 Ne6 21. h4 Nd5 22. Rc4 Nf6 23. Rb1 Nc7 24. Rd4 Qe8 25. Ne5 Nb5 26. Rc4 Qd8 27. Rcc1 Qd4 28. Nf3 Qd6 29. Rc4 e5 30. Nh2 Kg7 31. Rbc1 Re8 32. Rd1 Re7 33. Rb1 Rc7 34. Rd1 b6 35. Nb3 Be6 36. Rcc1 Bxb3 37. axb3 Nd4 38. Rc4 a2 39. Qb2 Nxe2+ 40. Kf1 Nd4 41. Ra1 b5 42. Rc5 Nd7 43. Rcc1 Qxb4 44. Rxa2 Rxa2 45. Qxa2 Nc5 46. Nf3 Ncxb3 47. Rd1 Nxf3 48. Bxf3 Nd4 49. Bg2 Qa4 50. Qd2 Qc2 51. Qe1 Qc5 52. Rc1 Qd6 53. Qa5 Nb3 0-1

[Event "Geneve op"]
[Site "Geneve"]
[Date "1990.??.??"]
[Round "?"]
[White "Slutzkin, Uri"]
[Black "Razuvaev, Yuri S"]
[Result "1-0"]
[WhiteElo "2260"]
[BlackElo "2545"]
[PlyCount "75"]
[EventDate "1990.??.??"]
[EventType "swiss"]
[EventRounds "9"]
[EventCountry "SUI"]
[SourceTitle "EXT 2000"]
[Source "ChessBase"]
[SourceDate "1999.11.16"]
[SourceVersion "1"]
[SourceVersionDate "1999.11.16"]
[SourceQuality "1"]

1. d4 Nf6 2. Nf3 e6 3. g3 b5 4. Bg2 Bb7 5. 0-0 c5 6. Bg5 Be7 7. c3 Na6 8. Nbd2 0-0 9. Re1 h6 10. Bxf6 Bxf6 11. dxc5 Nxc5 12. Nd4 Bxg2 13. Kxg2 Qb6 14. N2b3 Na4 15. Qb1 d5 16. Qd3 Rab8 17. a3 Rfc8 18. e4 dxe4 19. Rxe4 Qb7 20. Qf3 Qd5 21. Re2 Qxf3+ 22. Kxf3 g6 23. Rd2 Nb6 24. Na5 Na4 25. Nab3 a6 26. h4 h5 27. Na5 Nb6 28. Ne2 Rc7 29. Rad1 Kg7 30. Nb3 Be7 31. Nbc1 a5 32. Na2 Rbb7 33. Nd4 Nc4 34. Rd3 b4 35. axb4 axb4 36. Nxb4 e5 37. Nb3 Nxb2 38. Ke2 1-0